Flagi państw z ukośnymi pasami - Statystyki

Ogólne statystyki
  • Ten quiz został rozwiązany 37 razy
    30 od ostatniego zresetowania
  • Średni wynik to 10 z 13
Statystyki odpowiedzi
Obrazkowy Odpowiedź % Poprawnych
Jamajka
100%
Seszele
88%
Trynidad i Tobago
88%
Wyspy Marshalla
88%
Brunei
81%
Saint Kitts i Nevis
81%
Tanzania
81%
Burundi
77%
Gujana
77%
Dem. Rep. Konga
73%
Kongo
69%
Namibia
69%
Wyspy Salomona
65%
Nie znaleziono quizów pasujących do podanych kryteriów
Rozkład punktacji
Procent ludzi z każdym wynikiem
Percentyl według liczby udzielonych odpowiedzi
Twoja historia wyników
Nie rozwiązałeś tego quizu od ostatniego zresetowania